Nghiệp vụ thư ký văn phòng
Nhiệm vụ, vị trí, năng lực, phẩm chất và những nghiệp vụ cơ bản như giao tiếp hành chính, biên tập văn bản... của người thư ký văn phòng. Quan hệ giữa người thư ký văn phòng với lãnh đạo và đồng nghiệp
Na minha lista:
| Autor principal: | |
|---|---|
| Formato: | Livro |
| Idioma: | Vietnamese |
| Publicado em: |
H.
Đại học Quốc gia Hà Nội
2000
|
| Assuntos: | |
| Tags: |
Adicionar Tag
Sem tags, seja o primeiro a adicionar uma tag!
|
| Thư viện lưu trữ: | Mạng thư viện Đại học Đà Nẵng |
|---|
| LEADER | 01132nam a22003378a 4500 | ||
|---|---|---|---|
| 001 | 000007401 | ||
| 003 | 3562 | ||
| 005 | 20111003091039.0 | ||
| 008 | 111003s2000 b 000 0 od | ||
| 020 | |c 13200đ |d 1500b | ||
| 041 | 0 | |a 0102 | |
| 041 | 0 | |a vie | |
| 080 | |a 317.7 | ||
| 084 | |a Q211.8 |b NGH307V | ||
| 100 | 1 | |a Vũ Thị Phượng | |
| 245 | 1 | 0 | |a Nghiệp vụ thư ký văn phòng |c Vũ Thị Phượng |
| 260 | |a H. |b Đại học Quốc gia Hà Nội |c 2000 | ||
| 300 | |a 176tr |c 21cm | ||
| 500 | |a Thư mục: tr. 175-176 | ||
| 520 | |a Nhiệm vụ, vị trí, năng lực, phẩm chất và những nghiệp vụ cơ bản như giao tiếp hành chính, biên tập văn bản... của người thư ký văn phòng. Quan hệ giữa người thư ký văn phòng với lãnh đạo và đồng nghiệp | ||
| 653 | |a Thư kí | ||
| 653 | |a Văn phòng - công tác | ||
| 653 | |a Nghề thư kí | ||
| OWN | |a LSP | ||
| 999 | |a From the UDN01 | ||
| TYP | |a Monograph | ||
| TYP | |a Printed language | ||
| 980 | |a Mạng thư viện Đại học Đà Nẵng | ||